Т. 2; III Международный симпозиум по теоретической электротехнике, 23-28 сент. 1985 г., Москва

Dettagli Bibliografici
Parent link:III Международный симпозиум по теоретической электротехнике, 23-28 сент. 1985 г., Москва: тезисы докладов/ Московский энергетический институт (МЭИ). Т. 2.— , 1985
Lingua:russo
Pubblicazione: 1985
Soggetti:
Natura: MixedMaterials Libro
KOHA link:https://koha.lib.tpu.ru/cgi-bin/koha/opac-detail.pl?biblionumber=274934

MARC

LEADER 00000nam2a2200000 4500
001 274934
005 20231101234757.0
035 |a (RuTPU)RU\TPU\book\298163 
035 |a RU\TPU\book\298161 
090 |a 274934 
100 |a 20141111d1985 k y0rusy5003 ca 
101 0 |a rus 
102 |a RU 
105 |a y z 101zy 
200 0 |a Т. 2 
210 |d 1985 
215 |a 190 с. 
320 |a Библиография в конце докладов 
461 1 |0 (RuTPU)RU\TPU\book\296711  |t III Международный симпозиум по теоретической электротехнике, 23-28 сент. 1985 г., Москва   |o тезисы докладов  |f Московский энергетический институт (МЭИ)  |v Т. 2  |d 1985 
606 1 |a Электротехника теоретическая  |2 stltpush  |3 (RuTPU)RU\TPU\subj\20909  |9 45970 
610 1 |a электрические цепи 
610 1 |a анализ 
610 1 |a режимы работы 
610 1 |a оптимизация 
610 1 |a расчет 
610 1 |a электрические схемы 
610 1 |a преобразования 
610 1 |a магнитные системы 
610 1 |a линейные цепи 
610 1 |a нелинейные цепи 
610 1 |a синтез 
610 1 |a симпозиумы 
675 |a 621.3.01(063)  |z rus  |v 3 
801 0 |a RU  |b RuMRKP  |c 19950704  |g psbo 
801 1 |a RU  |b 63413507  |c 20141111 
801 2 |a RU  |b 63413507  |c 20170328  |g RCR 
942 |c BK